000 01313nam a22003857a 4500
001 547015
003 OSt
005 20210426124754.0
008 880216s1988 nyuaf 000 0 eng
010 _a 88004218
020 _a0385247745 (pbk.)
020 _a0385247737 (hard)
040 _aDLC
_cDLC
_dDLC
_beng
041 _aeng
043 _an-us---
050 0 0 _aBL304
_b.C36 1988
080 _a821.111
_bC-18
082 0 0 _a291.1/3
_219
100 1 _aCampbell, Joseph,
_d1904-1987.
245 1 4 _aThe power of myth /
_cJoseph Campbell, with Bill Moyers ; Betty Sue Flowers, editor.
_b/ by: Doubleday
250 _a1st edition
260 _aNew York
_bDoubleday
_cc1988.
300 _axix, 231 p., [16] p. of plates :
_bill. (some col.)
_c28 cm.
600 1 0 _aCampbell, Joseph,
_d1904-1987
_vInterviews.
650 0 _aMyth.
650 0 _aEnglish literature
_9254
650 0 _aMythologists
_zUnited States
_vInterviews.
653 _aინგლისური ლიტერატურა
653 _aმითოლოგიური
700 1 _aMoyers, Bill D.
856 4 2 _3Publisher description
_uhttp://www.loc.gov/catdir/description/random044/88004218.html
906 _a7
_bcbc
_corignew
_d1
_eocip
_f19
_gy-gencatlg
942 _2udc
_cBK
_e1
999 _c1093
_d1093